=LDR 00000nam 2200000 4500 =001 INLIS000000000034033 =005 20130612135943 =008 ***********************************ind** =035 ##$$0010-061300000034033 =041 ##$$a ind =082 ##$$a 920 =090 ##$$a 920, Hak s =100 ##$$a Hakim, Reyhan =245 ##$$a Sialan Beckhan ternyata Yahudi/ Reyhan Hakim; Penyunting, Lilih Prilihan Ari Pranowo =260 ##$$a 2009 $b Yogyakarta =300 ##$$a 244 hlm, Ilus, 24 cm =650 ##$$a Biografi =700 ##$$a Pranowo, Lilih Prlihan Ari =850 ##$$a NBPNMAT